| Tag |
First Indicator |
Second Indicator |
Subfields |
| LEADER |
00000cam a2200000 4500 |
| 001 |
in00000020623 |
| 005 |
20240531145913.8 |
| 008 |
750925s1930 ohua j 000 1 eng |
| 010 |
|
|
|a 30023365
|
| 035 |
|
|
|a (OCoLC)01654388
|
| 035 |
|
|
|9 AAB3549AM
|
| 040 |
|
|
|a DLC
|c SMI
|d TXA
|d UtOrBLW
|
| 049 |
|
|
|a [Curr Col] TXAM
|c [A09693776]
|
| 050 |
0 |
0 |
|a PZ7.M117
|b Wo no. 4
|
| 100 |
1 |
|
|a McAlister, Hugh.
|
| 245 |
1 |
4 |
|a The flight of the silver ship ;
|b around the world aboard a giant dirigible /
|c by Hugh McAlister.
|
| 264 |
|
1 |
|a Akron, Ohio :
|b Saalfield,
|c [1930]
|
| 264 |
|
4 |
|c ©1930
|
| 300 |
|
|
|a 252 pages :
|b illustrations ;
|c 20 cm.
|
| 336 |
|
|
|a text
|b txt
|2 rdacontent
|
| 337 |
|
|
|a unmediated
|b n
|2 rdamedia
|
| 338 |
|
|
|a volume
|b nc
|2 rdacarrier
|
| 490 |
1 |
|
|a [Worth while books for boys ;
|v no. 4]
|
| 800 |
1 |
|
|a McAlister, Hugh.
|t Worth while books for boys ;
|v no. 4].
|
| 999 |
|
|
|a MARS
|
| 999 |
f |
f |
|s 2224864c-f0c2-3de0-aeba-a83b0f0dcb38
|i 0099c3e6-c332-3d0a-9bfa-70899783024e
|t 0
|
| 952 |
f |
f |
|p ric
|a Texas A&M University
|b Rellis Campus
|c Joint Library Facility
|d Remote Storage
|t 0
|e PZ7.M117 Wo no.4
|h Library of Congress classification
|i unmediated -- volume
|m A14809693776
|
| 998 |
f |
f |
|a PZ7.M117 Wo no.4
|t 0
|l Remote Storage
|